000 00307nam a22001217a 4500
003 SGT
082 _a346.040
_bAIY
100 _aAIYAR , P RAMANATHA
245 _aTHE INDIAN SALE OF GOODS ACT(III OF 1930)
260 _aLAHORE , PAKISTAN
_bUNIVERSITY BOOK AGENCY
_c1930
300 _aXV , 208
942 _2ddc
_cBK
999 _c21685
_d21685